| 000 | 01073nam a2200301 a 4500 | ||
|---|---|---|---|
| 005 | 20180803165429.0 | ||
| 008 | 160311b2009 -cnad gr|||| 00| 0 eng d | ||
| 020 | _a9292251376 | ||
| 040 |
_aCO-BoIAVH _cCO-BoIAVH |
||
| 041 | 0 | _aeng | |
| 044 | _ack | ||
| 082 | 0 | 4 |
_a333.75 _bT46f |
| 100 | 1 | _aThompson, Ian | |
| 245 | 1 | 0 |
_aForest resilience, biodiversity, and climate change: _ba synthesis of the biodiversity/Resilience/Stability relationship in forest ecosystems |
| 260 |
_aMontreal : _bSecretariat of the Convention on Biological Diversity, _c2009. |
||
| 300 |
_a66 páginas : _bilustraciones y tablas ; _c28 x 22 centímetros |
||
| 490 | 0 |
_aCBD Technical Series ; _v43 |
|
| 650 | 6 | _aCambio climático | |
| 650 | 4 | _aDiversidad genética | |
| 650 | 6 | _aResiliencia forestal | |
| 650 | 6 | _aBosques | |
| 650 | 6 | _aBiomasa | |
| 650 | 6 | _aEcosistemas forestales | |
| 700 | 1 |
_aMackey, Brendan _eautor |
|
| 700 | 1 |
_aMcNulty, Steven _eautor |
|
| 700 | 1 |
_aMosseler, Alex _eautor |
|
| 942 |
_cLIBRO _2ddc |
||
| 999 |
_c7149 _d7149 |
||